000 01135cam a2200313 i 4500
999 _c6209
_d6209
001 19102400
003 OSt
005 20210401122409.0
008 160520s2017 caua b 001 0 eng
010 _a 2016023303
020 _a9781506346892 (pbk. : alk. paper)
040 _aDLC
_beng
_cDLC
_erda
_dDLC
042 _apcc
082 0 0 _a338.9 REP 2017
_223
100 1 _aRepko, Allen F.;Szostak, Rick; Buchberger, Michelle Phillips,
_912778
245 1 0 _aIntroduction to Interdisciplinary Studies
250 _a2nd.ed.
264 1 _aLos Angeles :
_bSage,
_c[2017]
300 _axxxviii, 426 pages :
_billustrations ;
_c24 cm.
336 _atext
_2rdacontent
337 _aunmediated
_2rdamedia
338 _avolume
_2rdacarrier
504 _aIncludes bibliographical references and index.
650 0 _aInterdisciplinary approach to knowledge.
_912779
650 0 _aSocial sciences.
_9312
906 _a7
_bcbc
_corignew
_d1
_eecip
_f20
_gy-gencatlg
942 _2ddc
_cO_SHELF